000 00270nam a2200109Ia 4500
005 20251222144644.0
008 251222s9999||||xx |||||||||||||| ||spa||
082 _a709.461/N86
245 0 _aLeopoldo Nóvoa
264 _bCentro Galego de Arte Contemporánea
942 _cLIB
999 _c16789
_d16789